| 000 | 00363nam a22001457a 4500 | ||
|---|---|---|---|
| 003 | SGT | ||
| 082 | _a364,QAZ | ||
| 100 | _aQAZALBASH,Y | ||
| 245 | _aLAW OF LIE DETECTORS : NARCOANALYSIS, POLYGRAPHY, BRAINMAPPING, BRAIN FINGERPRINTING | ||
| 250 | _a1ST | ||
| 260 |
_aNEW DELHI _bUNIVERSAL BOOKS _c2011 |
||
| 300 | _a290 | ||
| 650 | _aCRIMINOLOGY | ||
| 942 |
_2ddc _cBK |
||
| 999 |
_c9760 _d9760 |
||